Central Library OPAC University of Rajshahi

The adventures of Charles Darwin / (Record no. 21806)

MARC details
000 -LEADER
fixed length control field 00818nam a2200265 a 4500
001 - CONTROL NUMBER
control field 21806
003 - CONTROL NUMBER IDENTIFIER
rucl marc code BD-RjUL
005 - DATE AND TIME OF LATEST TRANSACTION
control field 20211209000730.0
008 - FIXED-LENGTH DATA ELEMENTS--GENERAL INFORMATION
fixed length control field 820105s1982 enka 000 0beng
020 ## - INTERNATIONAL STANDARD BOOK NUMBER
International Standard Book Number 0521245109 :
035 ## - SYSTEM CONTROL NUMBER
System control number (BD-RjUL)21871
040 ## - CATALOGING SOURCE
Original cataloging agency DLC
Transcribing agency DLC
Modifying agency BD-RjUL
Language of cataloging eng
041 ## - LANGUAGE CODE
Language code of text/sound track or separate title eng
082 00 - DEWEY DECIMAL CLASSIFICATION NUMBER
Classification number 575.00924
Edition number 19
Author mark and year WAA 1982
100 1# - MAIN ENTRY--PERSONAL NAME
Personal name Ward, Peter,
Dates associated with a name 1934-
Fuller form of name Peter Ward.
9 (RLIN) 67325
245 14 - TITLE STATEMENT
Title The adventures of Charles Darwin /
Statement of responsibility, etc. Peter Ward .
260 ## - PUBLICATION, DISTRIBUTION, ETC. (IMPRINT)
Place of publication, distribution, etc. Cambridge,
-- New York :
Name of publisher, distributor, etc. Cambridge University Press,
Date of publication, distribution, etc. 1982.
300 ## - PHYSICAL DESCRIPTION
Pagination 96 p. :
Illustrations ill. (some col.) ;
Size 23 cm.
600 10 - SUBJECT ADDED ENTRY--PERSONAL NAME
Personal name Darwin, Charles,
Dates associated with a name 1809-1882.
650 #0 - SUBJECT ADDED ENTRY--TOPICAL TERM
Topical term or geographic name as entry element Naturalists
Geographic subdivision England
Form subdivision Biography.
9 (RLIN) 67326
700 1# - ADDED ENTRY--PERSONAL NAME
Personal name Large, Annabel.
942 ## - ADDED ENTRY ELEMENTS (KOHA)
Source of classification or shelving scheme Dewey Decimal Classification
Koha item type Books
Holdings
Lost status Source of classification or shelving scheme Damaged status Not for loan Collection code Permanent Location Current Location Shelving location Date acquired Source of acquisition Cost, normal purchase price Total Checkouts Full call number Date last seen Copy number Koha item type
  Dewey Decimal Classification   Added to bundle Non-fiction Central Library, University of Rajshahi Central Library, University of Rajshahi Reading Room 01/02/1986 Kariam Int. 4.50   575.00924 WAA 1982 05/03/2014 C-1 Books